Viaje a la Argelia : (Record no. 158585)

MARC details
000 -LEADER
campo de control de longitud fija 01029nam a2200229 i 4500
001 - NÚMERO DE CONTROL
campo de control 158585
003 - IDENTIFICADOR DE NÚMERO DE CONTROL
campo de control ES-MaACL
005 - FECHA Y HORA DE LA ÚLTIMA TRANSACCIÓN
campo de control 20250627063652.0
008 - DATOS DE LONGITUD FIJA--INFORMACIÓN GENERAL
campo de control de longitud fija 990310s1852 sp |||| | spa d
080 ## - NÚMERO DE LA CLASIFICACIÓN DECIMAL UNIVERSAL
Número de la Clasificación Decimal Universal 908
100 1# - ENTRADA PRINCIPAL--NOMBRE DE PERSONA
Nombre de persona Malo de Molina, Manuel,
Fechas asociadas al nombre 1819?-1863
9 (RLIN) 167431
245 10 - MENCIÓN DEL TÍTULO
Título Viaje a la Argelia :
Resto del título descripción geográfica y estadística del África francesa, del desierto y de los árabes, con sus usos, costumbres, religión y literatura /
Mención de responsabilidad, etc. por Manuel Malo de Molina.
260 ## - PUBLICACIÓN, DISTRIBUCIÓN, ETC.
Lugar de publicación, distribución, etc. Valencia :
Nombre del editor, distribuidor, etc. [s.n.],
Fecha de publicación, distribución, etc. 1852 (
Fabricante Imp. de José Ferrer de Orga)
300 ## - DESCRIPCIÓN FÍSICA
Extensión 288, [4] p. ;
Dimensiones 19 cm.
530 ## - NOTA DISPONIBLE DE FORMULARIO FÍSICO ADICIONAL
Nota de formato físico adicional disponible Disponible en formato digital.
597 ## - NOTA DE DESCRIPCIÓN FÍSICA
NOTA DE DESCRIPCIÓN FÍSICA Antep.
651 #4 - PUNTO DE ACCESO ADICIONAL DE MATERIA--NOMBRE GEOGRÁFICO
Nombre geográfico Argelia-
Subdivisión general Descripción.
9 (RLIN) 7800
651 #4 - PUNTO DE ACCESO ADICIONAL DE MATERIA--NOMBRE GEOGRÁFICO
Nombre geográfico Argelia-
Subdivisión general Historia.
9 (RLIN) 7801
852 4# - LOCALIZACIÓN
Ubicación ES-MaACL
Número de control de estantería T-4-F-1
Nota libre - Enc. hol., falto de cub. original
-- - Enc. en un vol. facticio
-- - Dedicatoria autógrafa del autor
856 ## - LOCALIZACIÓN Y ACCESO ELECTRÓNICOS
Identificador Uniforme de Recursos <a href="http://bdh-rd.bne.es/viewer.vm?id=0000088035&page=1 ">http://bdh-rd.bne.es/viewer.vm?id=0000088035&page=1 </a>
Nota pública Biblioteca Digital Hispánica
Holdings
Estatus retirado Estado de pérdida Estado de daño No para préstamo Colección Biblioteca de origen Biblioteca actual Ubicación en estantería Fecha de adquisición Total de préstamos Signatura topográfica completa Código de barras Visto por última vez Precio de reemplazo Tipo de ítem Koha
        Colección de folletos Biblioteca del Ateneo de Madrid Biblioteca del Ateneo de Madrid Depósito folletos 17/01/2008   T-4-F-1 1165988 23/02/2023 23/02/2023 Folleto